Lịch sử cổ đại Việt Nam
Tập hợp một số công trình nghiên cứu về cổ sử Việt Nam của nhà sử học Đào Duy Anh như: nguồn gốc dân tộc Việt Nam, văn hoá đồ đồng và trống đồng Lạc Việt, vấn đề An Dương Vương và nước Âu Lạc, giai đoạn quá độ sang chế độ phong kiến......
Guardado en:
| Autor principal: | |
|---|---|
| Formato: | Libro |
| Lenguaje: | Vietnamese |
| Publicado: |
H.
Văn hoá Thông tin
2005
|
| Materias: | |
| Etiquetas: |
Agregar Etiqueta
Sin Etiquetas, Sea el primero en etiquetar este registro!
|
| Thư viện lưu trữ: | Mạng thư viện Đại học Đà Nẵng |
|---|
| LEADER | 01389nam a2200349 4500 | ||
|---|---|---|---|
| 001 | 000009887 | ||
| 003 | 6085 | ||
| 005 | 20111103141130.0 | ||
| 008 | 111103s2005 viesd | ||
| 020 | |c 95000đ | ||
| 041 | 0 | |a vie | |
| 082 | |a 959.701 |b ĐA-A | ||
| 100 | 0 | |a Đào Duy Anh |e Tác giả | |
| 245 | 0 | |a Lịch sử cổ đại Việt Nam |c Đào Duy Anh | |
| 260 | |a H. |b Văn hoá Thông tin |c 2005 | ||
| 300 | |a 622 tr |c 24 cm | ||
| 520 | |a Tập hợp một số công trình nghiên cứu về cổ sử Việt Nam của nhà sử học Đào Duy Anh như: nguồn gốc dân tộc Việt Nam, văn hoá đồ đồng và trống đồng Lạc Việt, vấn đề An Dương Vương và nước Âu Lạc, giai đoạn quá độ sang chế độ phong kiến... | ||
| 653 | |a Lịch sử cổ đại | ||
| 653 | |a Văn hoá | ||
| 653 | |a Việt Nam | ||
| 700 | |a Đào Duy Anh |e Tác giả | ||
| 910 | |a duyên | ||
| OWN | |a LSP | ||
| AVA | |a UDN50 |b LSP |d 959.701 ĐA-A |e available |t Error 5001 Not defined in file expand_doc_bib_avail. |f 6 |g 0 |h N |i 0 |k 1 | ||
| 999 | |a From the UDN01 | ||
| AVA | |a UDN50 |b LSP |d 959.701 ĐA-A |e available |t Error 5001 Not defined in file expand_doc_bib_avail. |f 6 |g 0 |h N |i 0 |k 1 | ||
| TYP | |a Monograph | ||
| TYP | |a Printed language | ||
| 980 | |a Mạng thư viện Đại học Đà Nẵng | ||